Guess the nationality by the footballer - Statistics

General Stats
  • This quiz has been taken 200 times
  • The average score is 16 of 21
Answer Stats
Hint Answer % Correct
Rivaldo Brazil
91%
Federico Chiesa Italy
91%
Andrés Iniesta Spain
89%
Ferenc Puskas Hungary
82%
Joško Gvardiol Croatia
81%
Kai Havertz Germany
80%
Yann Sommer Switzerland
80%
Christian Pulisic USA
80%
Bobby Moore England
79%
Dennis Bergkamp Netherlands
79%
Lev Yashin Soviet Union
79%
Benjamin Pavard France
78%
Federico Valverde Uruguay
78%
Kalidou Koulibaly Senegal
76%
Eusebio Portugal
75%
Juan Quadrado Colombia
71%
Odisseas Vlachodimos Greece
65%
Ritsu Doan Japan
63%
George Weah Liberia
56%
Alfredo di Stefano Argentina
53%
Harry Souttar Australia
50%
No matching quizzes found
Score Distribution
Percent of People with Each Score
Percentile by Number Answered
Your Score History
You have not taken this quiz